Solar jets and coronal plumes (Record no. 14400)
[ view plain ]
| 000 -LEADER | |
|---|---|
| fixed length control field | 00767nam a2200205Ia 4500 |
| 003 - CONTROL NUMBER IDENTIFIER | |
| control field | IN-BaIIA |
| 008 - FIXED-LENGTH DATA ELEMENTS--GENERAL INFORMATION | |
| fixed length control field | 211028s9999 xx 000 0 eng d |
| 020 ## - INTERNATIONAL STANDARD BOOK NUMBER | |
| International Standard Book Number | 92-9092-684-8 |
| 040 ## - CATALOGING SOURCE | |
| Transcribing agency | IIA Library |
| 080 ## - UNIVERSAL DECIMAL CLASSIFICATION NUMBER | |
| Universal Decimal Classification number | 523.9(082.2) |
| Item number | SOL |
| 111 ## - MAIN ENTRY--MEETING NAME | |
| Meeting name or jurisdiction name as entry element | International Meeting on Solar Jets and Coronal Plumes |
| Location of meeting | Guadeloupe, France |
| Date of meeting or treaty signing | 1998 Feb. 23-26 |
| 9 (RLIN) | 25527 |
| 245 #0 - TITLE STATEMENT | |
| Title | Solar jets and coronal plumes |
| Remainder of title | proceedings of an International meeting on solar jets and coronal plumes, Guadeloupe, France, February 23-26, 1998 |
| Statement of responsibility, etc. | edited by Tan-Duc Guyenne |
| 260 ## - PUBLICATION, DISTRIBUTION, ETC. | |
| Place of publication, distribution, etc. | Noordwijk |
| Name of publisher, distributor, etc. | European Space Agency |
| Date of publication, distribution, etc. | 1998 |
| 300 ## - PHYSICAL DESCRIPTION | |
| Extent | 374p. |
| 490 ## - SERIES STATEMENT | |
| Series statement | ESA SP-421 |
| 650 ## - SUBJECT ADDED ENTRY--TOPICAL TERM | |
| Topical term or geographic name entry element | Coronal plumes |
| 9 (RLIN) | 25528 |
| 650 ## - SUBJECT ADDED ENTRY--TOPICAL TERM | |
| Topical term or geographic name entry element | Solar Jets |
| 9 (RLIN) | 25529 |
| 700 ## - ADDED ENTRY--PERSONAL NAME | |
| Personal name | Guyenne, Tan-Duc,. ed. |
| 9 (RLIN) | 25530 |
| 942 ## - ADDED ENTRY ELEMENTS (KOHA) | |
| Koha item type | Books |
| Withdrawn status | Lost status | Damaged status | Not for loan | Home library | Current library | Shelving location | Date acquired | Total Checkouts | Full call number | Barcode | Date last seen | Price effective from | Koha item type | Purchase Price |
|---|---|---|---|---|---|---|---|---|---|---|---|---|---|---|
| IIA Library-Bangalore | IIA Library-Bangalore | General Stacks | 26/12/2001 | 523.9(082.2)/ SOL | 15320 | 05/11/2021 | 26/12/2001 | Books | € 35.00 |